| 000 | 00648nam a2200205 i 4500 | ||
|---|---|---|---|
| 001 | 150751 | ||
| 003 | ES-MaACL | ||
| 005 | 20250902012833.0 | ||
| 007 | t| | ||
| 008 | 071108q19501959sp ||||1| spa d | ||
| 100 | 1 |
_aEstrada Saladich, F. _948227 |
|
| 245 | 1 | 3 |
_aEl comercio y sus agentes de venta / _cF. Estrada Saladich. |
| 260 |
_aBarcelona : _bQuiris, _c[195-?] |
||
| 300 |
_a407 p. ; _c21 cm. |
||
| 490 | 1 |
_aBiblioteca de iniciativas comerciales ; _v3 |
|
| 650 | 1 | 7 |
_aAgentes comerciales _2embne _99666 |
| 830 | 0 |
_aBiblioteca de iniciativas comerciales ; _v3 _9187613 |
|
| 852 |
_aES-MaACL _jC-10339 _bR.38320 |
||
| 999 |
_c150751 _d150751 |
||